Physical science / (Record no. 10208)
[ view plain ]
| 000 -LEADER | |
|---|---|
| fixed length control field | 00742nam a22002417i 4500 |
| 003 - CONTROL NUMBER IDENTIFIER | |
| control field | URS |
| 005 - DATE AND TIME OF LATEST TRANSACTION | |
| control field | 20260212170638.0 |
| 008 - FIXED-LENGTH DATA ELEMENTS--GENERAL INFORMATION | |
| fixed length control field | 161106b xxu||||| |||| 00| 0 eng d |
| 020 ## - INTERNATIONAL STANDARD BOOK NUMBER | |
| International Standard Book Number | 9719171448 |
| 040 ## - CATALOGING SOURCE | |
| Description conventions | rda |
| Transcribing agency | URS |
| Language of cataloging | English |
| 050 ## - LIBRARY OF CONGRESS CALL NUMBER | |
| Classification number | Q158.5 |
| Item number | .C36p |
| 100 ## - MAIN ENTRY--PERSONAL NAME | |
| Personal name | Chanco, Tyrone R., |
| Relator term | author. |
| 245 ## - TITLE STATEMENT | |
| Title | Physical science / |
| Statement of responsibility, etc | Tyrone R. Chanco, Christine R. Chanco. |
| 264 #1 - PUBLICATION, DISTRIBUTION, ETC. (IMPRINT) | |
| Place of publication, distribution, etc | Paranaque City : |
| Name of publisher, distributor, etc | ACNN Printing Press, |
| Date of publication, distribution, etc | ©2004. |
| 300 ## - PHYSICAL DESCRIPTION | |
| Extent | vi, 208 pages ; |
| Dimensions | 25 cm. |
| 336 ## - CONTENT TYPE | |
| Content type term | text |
| Content type code | txt |
| Source | rdacontent |
| 337 ## - MEDIA TYPE | |
| Media type term | unmediated |
| Media type code | n |
| Source | rdamedia |
| 338 ## - CARRIER TYPE | |
| Carrier type term | volume |
| Carrier type code | nc |
| Source | rdacarrier |
| 504 ## - BIBLIOGRAPHY, ETC. NOTE | |
| Bibliography, etc | Includes bibliographical references. |
| 650 ## - SUBJECT ADDED ENTRY--TOPICAL TERM | |
| Topical term or geographic name as entry element | Physical science. |
| 700 ## - ADDED ENTRY--PERSONAL NAME | |
| Personal name | Chanco, Christine R., |
| Relator term | author. |
| 942 ## - ADDED ENTRY ELEMENTS (KOHA) | |
| Source of classification or shelving scheme | Library of Congress Classification |
| Koha item type | Filipiniana |
| Withdrawn status | Lost status | Source of classification or shelving scheme | Damaged status | Not for loan | Collection code | Home library | Current library | Shelving location | Date acquired | Source of acquisition | Cost, normal purchase price | Total Checkouts | Full call number | Barcode | Date last seen | Copy number | Cost, replacement price | Koha item type |
|---|---|---|---|---|---|---|---|---|---|---|---|---|---|---|---|---|---|---|
| Library of Congress Classification | Reference | Taytay College Library | Taytay College Library | Filipiniana Section | 10/27/2008 | Purchased | 320.00 | Q158.5 .C36p 2004 | URSTAY-00682 | 11/06/2016 | 1 | 320.00 | Filipiniana | |||||
| Library of Congress Classification | Reference | Taytay College Library | Taytay College Library | Filipiniana Section | 10/27/2008 | Purchased | 320.00 | Q158.5 .C36p 2004 | URSTAY-03167 | 11/06/2016 | 2 | 320.00 | Filipiniana | |||||
| Library of Congress Classification | Reference | Taytay College Library | Taytay College Library | Filipiniana Section | 10/27/2008 | Purchased | 320.00 | Q158.5 .C36p 2004 | URSTAY-03168 | 11/06/2016 | 3 | 320.00 | Filipiniana | |||||
| Library of Congress Classification | Reference | Taytay College Library | Taytay College Library | Filipiniana Section | 10/27/2008 | Purchased | 320.00 | Q158.5 .C36p 2004 | URSTAY-03169 | 11/06/2016 | 4 | 320.00 | Filipiniana |